000
00311 a2200133 4500
000
nam a22 7a 4500
005
20260306124912.0
020
_a
9781032060835
100
_a
Dagmar Klostermeier
_9
1123661
245
_a
Biophysical Chemistry
250
_a
2nd
260
_b
CRC Press
_c
2025
942
_c
TEXL
999
_c
1688495
_d
1688495